History Quiz

Random History or Century Quiz

Find the Dalí Paintings Quiz Stats

 Plays Quiz Updated May 11, 2019

Score 0/10 Timer 03:00
11 Plays Today
% Correct
The Sacrament of the Last Supper
95.4%
Swans Reflecting Elephants
93.4%
Christ of Saint John
of the Cross
92.8%
The Persistence of Memory
89.9%
Tuna Fishing
88.6%
The Face of War
86.6%
A Logician Devil
75.4%
The Burning Giraffe
67.3%
Metamorphosis of Narcissus
60.3%
Soft Construction with
Boiled Beans (Premonition
of Civil War)
58.6%

You're not logged in!

Compare scores with friends on all Sporcle quizzes.
OR
Log In

Show Comments

Extras

Top Quizzes Today


Score Distribution

Your Account Isn't Verified!

In order to create a playlist on Sporcle, you need to verify the email address you used during registration. Go to your Sporcle Settings to finish the process.

Report this User

Report this user for behavior that violates our Community Guidelines.

Details: